| 000 | 00000nam##2200000za#4500 |
| 001 | 9.699650 |
| 003 | CaOODSP |
| 005 | 20210625000456 |
| 007 | cr ||||||||||| |
| 008 | 150407|1994||||xxc|||||o f|0| 0 eng|d |
| 020 | |a978-0-660-20299-0 |
| 040 | |aCaOODSP|beng |
| 043 | |an-cn--- |
| 086 | 1 |aH21-117/1994E-PDF |
| 110 | 1 |aCanada. |bHealth Canada. |
| 245 | 14|aThe Canadian guide to clinical preventive health care / |h[electronic resource]|cprepared by the Canadian Task Force on the Periodic Health Examination. |
| 260 | |aOttawa - Ontario : |bHealth Canada |cc1994. |
| 300 | |a1090p.|breferences, tables, index |
| 500 | |a"This book is designed to serve as a practical guide to clinicians, health professionals, professional associations and health care planners in determining the inclusion or exclusion, content and frequency of a wide variety of preventive health interventions."--Introduction. Contents: Prenatal and perinatal preventive care.--Pediatric preventive care.--Immunization of children and adults.--Preventive dental care.--Disorders of the genitourinary tract.--Prevention of psychosocial illness and diseases of lifestyle.--Metabolic nutritional disorders.--Circulatory disorders.--Other infectious diseases.--Neoplasms.--Conditions affecting primarily the elderly. |
| 500 | |a"Digitized by Publishing and Depository Services, Public Works and Government Services Canada - 2014" |
| 520 | 3 |aA reference to help health care specialists and policy planners evaluate the prevention of medical conditions. |
| 590 | |a14-18-Supp|b2014-10-15 |
| 690 | 07|aHealth promotion|2gcpds |
| 690 | 07|aHealth policy|2gcpds |
| 775 | 08|tGuide canadien de médecine clinique préventive / |w(CaOODSP)9.643626 |
| 776 | 0#|tThe Canadian guide to clinical preventive health care / |w(CaOODSP)9.645632 |
| 856 | 40|ahttp://publications.gc.ca|qPDF|s243.14 MB|uhttps://publications.gc.ca/collections/collection_2014/sc-hc/H21-117-1994-eng.pdf |